| 000 | 00676nam a2200181Ia 4500 | ||
|---|---|---|---|
| 008 | 210428s9999 xx 000 0 und d | ||
| 020 | _a1-56347-519-7 | ||
| 082 | _a660.04 A498 P | ||
| 100 |
_aG.G.Chernyi _952164 |
||
| 245 | 0 |
_aPhysical and Chemical Processes in Gas Dynamics: Physical and chemical kinetics and thermodynamics of Gases and plasmas / _cG.G.Chernyi |
|
| 260 |
_bAmerican Institute of Aeronautics and Astronautics _aWashington, DC _c2004 |
||
| 300 | _a328p | ||
| 440 |
_aProgress in astronautics and aeronautics V-197 _9127162 |
||
| 700 |
_aS. A. Losev _9127163 |
||
| 700 |
_aS. O. Macheret _9127164 |
||
| 700 |
_aB. V. Potapkin _9127165 |
||
| 942 |
_cBK _2ddc |
||
| 999 |
_c559930 _d559930 |
||